| 000 | 00381nam a2200181Ia 4500 | ||
|---|---|---|---|
| 100 | _aDrozdek/Adam | ||
| 650 | _aDatastructures | ||
| 250 | _a3 | ||
| 942 | _cBK | ||
| 366 | _f17.5 | ||
| 654 | _aC++ | ||
| 245 | _aDatastructures and Algorithms in C++ | ||
| 260 |
_bCengage Learning _c2006 |
||
| 082 |
_a005.133/DRO _bDRO |
||
| 300 | _a758 | ||
| 546 | _aENGLISH | ||
| 999 |
_c19275 _d19275 |
||